Report of the directorate of plant protection, quarantive and storage / (Record no. 831777)

MARC details
000 -LEADER
fixed length control field 01437nam a2200397 a 4500
001 - CONTROL NUMBER
control field vtls001409568
003 - CONTROL NUMBER IDENTIFIER
control field NLI
005 - DATE AND TIME OF LATEST TRANSACTION
control field 20210627105152.0
008 - FIXED-LENGTH DATA ELEMENTS--GENERAL INFORMATION
fixed length control field 121127m19511967ii 001 0 eng d
039 #9 - LEVEL OF BIBLIOGRAPHIC CONTROL AND CODING DETAIL [OBSOLETE]
-- 201211272107
-- VLOAD
040 0# - CATALOGING SOURCE
Original cataloging agency NLI
Language of cataloging eng
Transcribing agency Entertech IOD - 2013
Description conventions AACR2
041 0# - LANGUAGE CODE
Language code of text/sound track or separate title eng
044 ## - COUNTRY OF PUBLISHING/PRODUCING ENTITY CODE
MARC country code ii
082 04 - DEWEY DECIMAL CLASSIFICATION NUMBER
Classification number 632
110 1# - MAIN ENTRY--CORPORATE NAME
Corporate name or jurisdiction name as entry element India
Subordinate unit Ministry of Food and Agriculture
9 (RLIN) 844072
245 10 - TITLE STATEMENT
Title Report of the directorate of plant protection, quarantive and storage /
Statement of responsibility, etc. issued by the Plant Protection Advisor
260 ## - PUBLICATION, DISTRIBUTION, ETC.
Place of publication, distribution, etc. New Delhi :
Name of publisher, distributor, etc. Manager of Publications,
Date of publication, distribution, etc. 1951-1967
300 ## - PHYSICAL DESCRIPTION
Extent -v. ;
Dimensions 21 cm.
650 #0 - SUBJECT ADDED ENTRY--TOPICAL TERM
Topical term or geographic name entry element Plant
Geographic subdivision India
9 (RLIN) 945404
650 #0 - SUBJECT ADDED ENTRY--TOPICAL TERM
Topical term or geographic name entry element Crop Science
General subdivision Disease
Geographic subdivision India
9 (RLIN) 945405
710 1# - ADDED ENTRY--CORPORATE NAME
Corporate name or jurisdiction name as entry element India
Subordinate unit Ministry of Food and Agriculture
9 (RLIN) 844072
887 ## - NON-MARC INFORMATION FIELD
Content of non-MARC field
901 ## - LOCAL DATA ELEMENT A, LDA (RLIN)
a 41896 date
b 20.07.1965
9 1951-61
901 ## - LOCAL DATA ELEMENT A, LDA (RLIN)
a 55878 date
b 13.03.1969
9 1961-63
901 ## - LOCAL DATA ELEMENT A, LDA (RLIN)
a 59496 date
b 17.07.1970
9 1963-65
901 ## - LOCAL DATA ELEMENT A, LDA (RLIN)
a 60054 date
b 17.10.1970
9 1965-67
901 ## - LOCAL DATA ELEMENT A, LDA (RLIN)
a 61431 date
b 14.06.1971
9 1965-67, c.2
902 ## - LOCAL DATA ELEMENT B, LDB (RLIN)
a GP 632.(54) In2
949 ## - LOCAL PROCESSING INFORMATION (OCLC)
-- VIRTUAITEM
-- 10000
-- 100
6 IOD000041896ENG
9 1951-61
942 ## - ADDED ENTRY ELEMENTS (KOHA)
Source of classification or shelving scheme Dewey Decimal Classification
Koha item type Books
949 ## - LOCAL PROCESSING INFORMATION (OCLC)
-- VIRTUAITEM
-- 10000
-- 100
6 IOD000055878ENG
9 1961-63
949 ## - LOCAL PROCESSING INFORMATION (OCLC)
-- VIRTUAITEM
-- 10000
-- 100
6 IOD000059496ENG
9 1963-65
949 ## - LOCAL PROCESSING INFORMATION (OCLC)
-- VIRTUAITEM
-- 10000
-- 100
6 IOD000060054ENG
9 1965-67
949 ## - LOCAL PROCESSING INFORMATION (OCLC)
-- VIRTUAITEM
-- 10000
-- 100
6 IOD000061431ENG
9 1965-67,
Holdings
Withdrawn status Lost status Damaged status Not for loan Collection code Home library Current library Shelving location Date acquired Total Checkouts Full call number Barcode Date last seen Price effective from Koha item type
        Government Publications National Library of India National Library of India Annexe Reading Room & Stack Division     GP 632.(54) In2 IOD000041896ENG 27/06/2021 27/06/2021 Books
        Government Publications National Library of India National Library of India Annexe Reading Room & Stack Division     GP 632.(54) In2 IOD000055878ENG 27/06/2021 27/06/2021 Books
        Government Publications National Library of India National Library of India Annexe Reading Room & Stack Division     GP 632.(54) In2 IOD000059496ENG 27/06/2021 27/06/2021 Books
        Government Publications National Library of India National Library of India Annexe Reading Room & Stack Division     GP 632.(54) In2 IOD000060054ENG 27/06/2021 27/06/2021 Books
        Government Publications National Library of India National Library of India Annexe Reading Room & Stack Division     GP 632.(54) In2 IOD000061431ENG 27/06/2021 27/06/2021 Books
                                                                           
web counter

Copyright ©2020 The National Library of India, Govt. of India ↔ Hosted by NVLI, MOC ↔ Technology and Design by National Library of India, Ministry of Culture, Govt. of India